| 000 | 00773nam a2200217 a 4500 | ||
|---|---|---|---|
| 001 | 000317763 | ||
| 003 | AM-YeHGA | ||
| 005 | 20250617130453.0 | ||
| 008 | 040315s1991 ||| r 000 0 rus d | ||
| 020 | _a5255006149 | ||
| 040 | _aAM-YeHGA | ||
| 041 | 0 | _arus | |
| 100 | 1 | _aСалиас, Евгений Андреевич | |
| 245 | 1 | 0 |
_aМадонна : _bПовесть : В 3-х ч. / _cГраф Салиас. |
| 250 | _aРепринт. изд. | ||
| 260 |
_aМосква : _bПрофиздат, _bТоварищество "Возрождение", _c1991. |
||
| 300 | _a284 с. | ||
| 440 | 0 |
_aИсторическая библиотека альманаха "Русская старина" _vТ. 12 |
|
| 653 | 0 | _aРоссия, 19 в. (х. л.) | |
| 090 | _c119303 | ||
| 999 |
_c117955 _d117955 |
||